Hazardous waste treatment processes including environmental audits and waste reduction / (Record no. 328867)

000 -LEADER
fixed length control field 01420cam a2200301 a 4500
001 - CONTROL NUMBER
control field 4833430
003 - CONTROL NUMBER IDENTIFIER
control field Nust
005 - DATE AND TIME OF LATEST TRANSACTION
control field 20170418130654.0
008 - FIXED-LENGTH DATA ELEMENTS--GENERAL INFORMATION
fixed length control field 900508s1990 vaua b 001 0 eng
010 ## - LIBRARY OF CONGRESS CONTROL NUMBER
LC control number 90012562
020 ## - INTERNATIONAL STANDARD BOOK NUMBER
International Standard Book Number 0943244358 :
Terms of availability $40.00 (est.)
040 ## - CATALOGING SOURCE
Original cataloging agency DLC
Transcribing agency DLC
Modifying agency DLC
050 00 - LIBRARY OF CONGRESS CALL NUMBER
Classification number TD1060
Item number .H37 1990
082 00 - DEWEY DECIMAL CLASSIFICATION NUMBER
Classification number 363.728 LIB
Edition number 20
245 00 - TITLE STATEMENT
Title Hazardous waste treatment processes including environmental audits and waste reduction /
Statement of responsibility, etc. prepared by Task Force on Hazardous Waste Treatment under the direction of the Hazardous Waste Committee and the Facilities Development Subcommittee of the Technical Practice Committee.
260 ## - PUBLICATION, DISTRIBUTION, ETC.
Place of publication, distribution, etc. Alexandria, Va. :
Name of publisher, distributor, etc. Water Pollution Control Federation,
Date of publication, distribution, etc. 1990.
300 ## - PHYSICAL DESCRIPTION
Extent xiv, 329 p. :
Other physical details ill. ;
Dimensions 26 cm.
490 1# - SERIES STATEMENT
Series statement Manual of practice ;
Volume/sequential designation FD-18
500 ## - GENERAL NOTE
General note P.B
504 ## - BIBLIOGRAPHY, ETC. NOTE
Bibliography, etc. note Includes bibliographical references and index.
650 #0 - SUBJECT ADDED ENTRY--TOPICAL TERM
Topical term or geographic name entry element Hazardous wastes
General subdivision Purification.
650 #0 - SUBJECT ADDED ENTRY--TOPICAL TERM
Topical term or geographic name entry element Hazardous wastes
General subdivision Management.
710 2# - ADDED ENTRY--CORPORATE NAME
Corporate name or jurisdiction name as entry element Water Pollution Control Federation.
Subordinate unit Task Force on Hazardous Waste Treatment.
710 2# - ADDED ENTRY--CORPORATE NAME
Corporate name or jurisdiction name as entry element Water Pollution Control Federation.
Subordinate unit Hazardous Waste Committee.
710 2# - ADDED ENTRY--CORPORATE NAME
Corporate name or jurisdiction name as entry element Water Pollution Control Federation.
Subordinate unit Facilities Development Subcommittee.
830 #0 - SERIES ADDED ENTRY--UNIFORM TITLE
Uniform title Manual of practice.
Name of part/section of a work FD ;
Volume/sequential designation no. 18.
906 ## - LOCAL DATA ELEMENT F, LDF (RLIN)
a 7
b cbc
c orignew
d 1
e ocip
f 19
g y-gencatlg
942 ## - ADDED ENTRY ELEMENTS (KOHA)
Source of classification or shelving scheme
Koha item type Book
Call number prefix 363.728 LIB
Holdings
Withdrawn status Lost status Source of classification or shelving scheme Damaged status Not for loan Collection code Permanent Location Current Location Shelving location Date acquired Total Checkouts Full call number Barcode Date last seen Price effective from Koha item type
            Institute of Environmental Science and Engineering (IESE) Institute of Environmental Science and Engineering (IESE) General Stacks 04/18/2017   363.728 LIB IESE-109 04/18/2017 04/18/2017 Book
© 2023 Central Library, National University of Sciences and Technology. All Rights Reserved.